000 00786nam a22002297a 4500
003 OSt
005 20250728061529.0
008 250728b |||||||| |||| 00| 0 eng d
020 _a9789719800019
040 _aDWCL-Main lib
_cOC
082 _aFil. 515.15 W927 2013
100 _aCuaresma, Genaro A.
245 _aA worktext in analytic geometry and calculus / Genaro A. Cuaresma [and four others]/
_cGenaro A. Cuaresma
250 _aSecond edition.
260 _aQuezon City :
_b C & E Publishing,
_cc2013.
300 _avii, 201 pages ;
_c26 cm.
650 _a1. Calculus--Textbooks.
650 _a2. Calculus--Problems, exercises, etc.
650 _a3. Geometry, Analytic--Textbooks
700 _a[and four others]
942 _2ddc
_cBK - FIL
_eSecond edition.
_kFil.
_n0
999 _c3845
_d3845